00808cam a22002171 450000100060000000300080000600500170001400800410003103500190007203500180009104000370010904100080014608200250015410000300017924502040020926000600041330000260047349000290049950000380052865000240056642510BD-RjUL20211209053542.0160613r19541943xx 000 0 eng  a(BD-RjUL)42628 a(OCoLC)968670 aDLCcTxU-DadDLCd(BD-RjUL)beng aeng a330.1bMCB 1943-19541 aMcConnell, John W.d1907-10aBasic teachings of the great economists :bsummaries of the ideas and the theories of Malthus , Adam Smith, Henry George, Karl Max, Veblen, Keynes and other famous Economists/c by McConnell, John W. aNew York :bBarnes & Noble,cc1943 [reprint 1947-1954]  axiii, 367 p. ;c21 cm0 aEveryday handbook series a"Biographical notes": p. 343-361. 0aEconomicsxHistory.